European Cathedrals #1 - Statistics

General Stats
  • This quiz has been taken 110 times
    92 since last reset
  • The average score is 10 of 15
Answer Stats
Picture Answer % Correct
Barcelona
94%
Moscow
93%
Florence
92%
Milan
92%
Paris
88%
Cologne
83%
Reykjavik
81%
Vatican City
81%
Sofia
72%
Prague
64%
London
61%
Krakow
35%
Budapest
31%
Riga
21%
Leon
15%
No matching quizzes found
Score Distribution
Percent of People with Each Score
Percentile by Number Answered
Your Score History
You have not taken this quiz since the last reset